000 00717nam a2200205Ia 4500
003 GCL
008 140319s9999 xx 000 0 ara d
040 _aGCL /
_cGCL
082 0 4 _aق
_b069.0962
_bم م
100 1 _aمحمد مصطفى
245 1 0 _aمتحف الفن الاسلامى :
_bدليل موجز /
_cمحمد مصطفى
260 _aالقاهرة :
_bالهيئة العامة لشئون المطابع الاميرية ،
_c1963
300 _a137 ص ؛
_c19 سم
490 _aمطبوعات متحف الفن الاسلامى
_v0
650 0 4 _aمصر
650 0 4 _aالاثار الاسلامية
650 0 4 _aمتحف الفن الاسلامى
650 0 4 _aالمتاحف
942 _2ddc
_cBK
999 _c57792
_d57792